000 01121nas a2200361 4500
001 BR2022000699
003 BR-BrBNA
005 20231205132305.0
007 ta
008 230509b bl.|||p| |||| 00| 00por d
040 _aBR-BrBNA
_bpor
_cBiblioteca Nacional de Agricultura
041 _a(Pt)
072 _aF01; F40; Q04
100 1 _aWürz, D.A.
100 1 _aAllebrndt, R.
100 1 _aMarcon Filho, J.L.
100 1 _aBem, B.P. de
100 1 _aBrighenti, A.F.
100 1 _aOutemane, M.
100 1 _aRufato, L.
100 1 _aKretzschmar, A.A.
245 1 _aInfluência da época de desfolha no desempenho enológico da uva 'Cabernet Sauvignon' cultivada em região de altitude
650 _aUVA
650 _aDESFOLHA
650 _aPRÁTICA CULTURAL
650 _aFENOLOGIA
650 _aVINHO
650 _aCOMPOSIÇÃO QUÍMICA
773 0 _tActa Iguazu (Brazil)
_xISSN 2316-4093
_g(2018), v. 7(2) p. 61-73
_wBR2022000699
856 4 0 _uhttps://e-revista.unioeste.br/index.php/actaiguazu/article/view/17797/12766
909 _a202311
_bLúcia
_c55
_dLúcia Elande
942 _2AGRIS
_n0
_cANA
999 _c259509
_d259509